| 000 | 00361nam a2200133Ia 4500 | ||
|---|---|---|---|
| 008 | 220217s9999||||xx |||||||||||||| ||und|| | ||
| 020 | _a978-81-203-3619-3 | ||
| 082 | _a540 VIJ | ||
| 100 |
_aVijayasarathy, Putti, R _97014 |
||
| 245 | 0 | _aEngineering chemistry | |
| 260 |
_aPrentice hall of india _bNew Delhi _c2010 |
||
| 300 | _b175 | ||
| 650 | _aCHEMISTRY | ||
| 999 |
_c180277 _d180277 |
||